000 00349nam a22001217a 4500
008 180423b xxu||||| |||| 00| 0 eng d
041 _aeng
080 _a043.3
100 _a0
101 _aSHKI-BTH
245 _aVlerësimi i karakteristikave të rrjetit në testimin e aplikacioneve përmes rrjetit të virtualizuara
_cBerisha,R
942 _2udc
_cBK
999 _c45428
_d45428